| 000 | 00545nam a22001817a 4500 | ||
|---|---|---|---|
| 005 | 20170721112134.0 | ||
| 010 | _aENG-119369 | ||
| 020 |
_a9789350020081 _c295.00 |
||
| 035 | _aEN-102901 | ||
| 037 | _bDBAD/PUB | ||
| 082 | _a338.91 | ||
| 100 | _aMagdoff, Harry | ||
| 245 |
_aImperialism ; _bform the colonial age to the present / _cby Harry Magdoff |
||
| 260 |
_aDelhi _bAakar Books _c2010 |
||
| 270 |
_a28 E Pocket IV, Mayur Vihar Phase I _bDelhi _e110091 |
||
| 300 |
_a279p. _c22cm. (pbk) |
||
| 942 |
_2ddc _cEN _h338.91 _mMAG |
||
| 999 |
_c142752 _d142752 |
||